000
00347nam a2200145Ia 4500
100
_a
D Souza A C
650
_a
Carpentery
942
_c
BK
654
_a
Worked Example In Mechanics Of Materials
245
_a
Worked Example In Mechanics Of Materials
260
_b
Hiffe Brother Ltd
082
_a
620.1
_b
Dso
546
_a
ENGLISH
999
_c
22614
_d
22614